000
00341nam a2200157Ia 4500
100
_a
Jhamb / L.C
942
_c
BK
366
_f
10
654
_a
purchase management
245
_a
A text book of Purchase Management
260
_b
Everest Pub. House
_c
1999
082
_a
658.723
_b
JHA
300
_a
790
546
_a
ENGLISH
999
_c
32992
_d
32992